| 000 | 00754cam a22002415a 4500 | ||
|---|---|---|---|
| 001 | L159699 | ||
| 008 | 150226s2016 xxk f 000 0 eng d | ||
| 035 | _a(Sirsi) u159699 | ||
| 041 | 0 | _aeng | |
| 100 | 1 | _aMurray, K. | |
| 245 | 0 | 0 | _aSocial insecurity |
| 260 | _c2016 | ||
| 490 |
_aModus _vOctober 2016, 20-22 (3) |
||
| 520 | _aLooks at how the England's housing associations try to keep homes affordable as government grants dry up and revenues fall. Looks at Austria's social housing model as an example to follow. | ||
| 590 | _aKA | ||
| 650 | 2 | 4 | _aHOUSING ASSOCIATION |
| 650 | 2 | 4 | _aGOVERNMENT FUNDING |
| 650 | 2 | 4 | _aGOVERNMENT GRANTS |
| 651 | 4 |
_aUnited Kingdom _y |
|
| 651 | 4 | _aAustria | |
| 690 |
_aAffordable housing _96215 |
||
| 942 | _n0 | ||
| 999 |
_c84921 _d84921 |
||